000 00720nam a2200181 i 4500
001 39460
003 ES-MaACL
005 20250930063044.0
007 t|
008 030303s1765 sp ||||1| spa d
100 0 _aCano, Alonso,
_cFray
_934523
245 1 0 _aOración fúnebre, que en las exequias hechas por la Real Academia de la Historia al Señor D. Agustín de Montiano y Luyando, su director primero, y perpetuo, dixo el M. R. P. Mro. Fray Alonso Cano...
260 _aMadrid :
_bImprenta de D. Grabriel Ramírez,
_c1765.
300 _a29 p. ;
_c19 cm.
600 1 7 _aMontiano y Luyando, Agustín de,
_d1697-1764
_2
_9151974
852 _aES-MaACL
_jR-3091
_x.- Olim:1626-F-6
999 _c39460
_d39460